000 00391nam a2200145Ia 4500
008 100204s9999 xx 000 0 und d
082 _b3110
100 _aपारगावकर वि. शं.
245 _aसय
260 _b"रविराज प्रिंटर्स , पुणे"
_c1980
300 _a112
630 _aसय
730 _aसय
942 _cBOOK
999 _c465467
_d465464